| 000 | 00734nam a22002297a 4500 | ||
|---|---|---|---|
| 003 | DO-SdBNP | ||
| 005 | 20210906135917.0 | ||
| 007 | ta | ||
| 008 | 210906b 2018 dr a 00| 0 eng d | ||
| 020 | _a9789945169010 | ||
| 040 |
_aDO-SdBNP _bspa _cBNPHU |
||
| 100 | 1 | _4Báez, Juan Ramón | |
| 245 | 1 |
_aSueños y realidades de 20 años / _cJuan Ramón Báez ; Mignologio Pujols |
|
| 250 | _a2a ed. revidada y ampliada | ||
| 260 |
_aSanto Domingo : _bBúho, _c2018. |
||
| 300 |
_a211 p. : _bil. ; _c23 cm. |
||
| 500 | _aIncluye índice onomástico y referencias bibliográficas y notas al pie de las páginas | ||
| 590 | _aInventariado, 2021/BT | ||
| 700 | 1 |
_aPujols, Mignologio _epról. _979755 |
|
| 910 | _aBtavárez | ||
| 942 |
_2ddc _cLBS1 |
||
| 999 |
_c50423 _d50423 |
||